Statistics for Marvel heroes and villians

Click here to take the quiz!

General Stats

  • This quiz has been taken 32 times
    (22 since last reset)
  • The average score is 54 of 82

Answer Stats

NameAlias% Correct
Steven ”Steve” RogersCaptain America
100%
Anthony ”Tony” StarkIron Man
100%
Bruce BannerThe Hulk
100%
T’ChallaBlack Panther
95%
Natasha RomanoffBlack Widow
95%
Wade WilsonDeadpool
95%
Peter ParkerSpiderman
95%
Miles MoralesSpiderman
95%
James ”Logan” HowlettWolverine
95%
Scott Lang/Hank PymAnt-man
90%
Carol DanversCaptain Marvel
90%
Victor von DoomDr Doom
90%
Daughter of ThanosGamora
90%
Norman/Harry OsbornGreen Goblin
90%
Kate BishopHawkeye
90%
Clint BartonHawkeye
90%
Johnny StormHuman Torch
90%
Other Daughter of ThanosNebula
90%
Charles XavierProfessor X
90%
Peter (Pietro) MaximoffQuicksilver
90%
Wanda MaximoffScarlet Witch
90%
Peter QuillStar-Lord
90%
Ben GrimmThe Thing
90%
—— OdinsonThor
90%
Hope/Janet van DyneWasp
90%
Otto OctaviusDoctor Octopus
86%
Stephen StrangeDoctor Strange
86%
TreeGroot
86%
Adopted brother of aboveLoki
86%
Reed RichardsMr Fantastic
86%
Leader of S.H.I.E.L.DNick Fury
86%
RaccoonRocket Raccoon
86%
Susan ”Sue” StormThe Invisible Woman
86%
Scott SummersCyclops
81%
Jean GreyMarvel Girl
81%
Ororo MunroeStorm
81%
The Mad TitanThanos
81%
The DestroyerDrax the Destroyer
76%
Johnny BlazeGhost Rider
76%
Evil RobotUltron
76%
Henry ”Hank” McCoyBeast
71%
Robert ”Bobby” DrakeIceman
71%
Norrin RaddSilver Surfer
71%
Daniel ”Danny” RandIron Fist
67%
Curt ConnorsLizard
67%
Quentin BeckMysterio
67%
Gwen StacySpider-Gwen
67%
Adrian ToomesVulture
67%
Ivan VankoWhiplash
67%
Obadiah StaneIron Monger
62%
Erik LehnsherrMagneto
62%
2nd in command of aboveMaria Hill
62%
Jessica DrewSpiderwoman
62%
Frank CastleThe Punisher
62%
Kurt WagnerNightcrawler
57%
The ConquerorKang the Conqueror
52%
Jennifer WaltersShe-hulk
52%
Marc SpectorMoon Knight
48%
Johann SchmidtRed Skull
48%
GalenGalactus
43%
Kamala KhanMs Marvel
43%
Raven DarkholmeMystique
43%
Luke CagePowerman
43%
Felisha HardyBlack Cat
38%
Eric BrooksBlade
38%
Remy LeBeauGambit
38%
Anna MarieRogue
38%
Warren Worthington IIIAngel
33%
Brian BraddockCaptain Britain
33%
Jessica JonesJewel
33%
Madame HydraViper
29%
Ava AyalaWhite Tiger
29%
Laura KinneyX-23
29%
Anton VankoCrimson Dynamo
24%
Kitty PrydeShadowcat
24%
BrunnhildeValkyrie
24%
Emma FrostWhite Queen
24%
Richard ”Rick” JonesA-Bomb
19%
Carl MordoBaron Mordo
19%
Fred DukesBlob
19%
Simon WilliamsWonder Man
19%
Doreen GreenSquirrel Girl
14%

Score Distribution

Percentile by Number Answered

Percent of People with Each Score

Your Score History

You have not taken this quiz since the last reset